00616nam a2200169 a 450000100100000000500170001000800410002704000250006808200150009311000520010824500570016026000700021730000200028704900090030795201130031699900170042900002708320200930030606.0110329s1974 dr 000 0 spa d aDO-SdBNPbspacBNPHU axxxxbI59D2 aInstituto Dominicano de Seguros Sociales93711510aPlan de desarrollo de la seguridad social 1974-1978. aSanto Domingo :bInstituto Dominicano de Seguros Sociales,c1974. a50 p. ;c29 cm. aBNPD 0010718PDaPDbPDcCTd2011-03-29iLF1l0oxxxx I59Dp27083-10r2020-06-25w2020-06-25yLFPDZNo se presta c26575d26575